| 000 | 00478nam a2200193Ia 4500 | ||
|---|---|---|---|
| 003 | OSt | ||
| 005 | 20140403130811.0 | ||
| 008 | 140130s9999 xx 000 0 und d | ||
| 020 | _a0439441978 | ||
| 050 |
_aPZ 7 _b.C179Me 2002 |
||
| 245 |
_cCapucilli, Alyssa Satin _aMerry christmass, from biscuit |
||
| 260 |
_bScholastic, _c2002. _aUSA : |
||
| 300 |
_a30 p. : _bcol. ill. ; _c21 cm. |
||
| 440 | _v1 | ||
| 521 | _aG1 | ||
| 526 | _c270 | ||
| 942 |
_cBK _2lcc |
||
| 999 |
_c40021 _d40021 |
||